000 00615nam a2200241Ia 4500
003 OSt
005 20221006144817.0
006 a|||||r|||| 00| 0
007 ta
008 221006b |||||||| |||| 00| 0 eng d
024 _a12,797
037 _cTextual
040 _aEASL
_cEASL
_beng
041 _2eng
_aeng
082 _aV41,1wN02,1, K7
100 _aKRAMER Paul Ed.
_9652938
245 0 _aLast manchu
260 _aNew York
_bG P Putnama Sons
_c1967
300 _a315p.
_ccm.
490 _v CEL
942 _hV41,1wN02,1, K7
_cTEXL
_2CC
999 _c1080883
_d1080883